| 000 | 00848na a2200253 4500 | ||
|---|---|---|---|
| 001 | 17411 | ||
| 003 | MIRAKIL | ||
| 005 | 20181213154946.0 | ||
| 008 | 161024b tu 000 0 | ||
| 020 | _a9789759813192 | ||
| 040 |
_aMilas _btur _cTR-AnCHP |
||
| 041 | _atur | ||
| 082 |
_a370.72092 _bA74a 2011 |
||
| 090 | _a370.72092 A74a 2011 | ||
| 100 | _aAtıcı, Erdal | ||
| 245 |
_aAnadolu'da aydınlanma ateşini yakanlar, 2 _bköy enstitülülerle söyleşiler _cErdal Atıcı |
||
| 260 |
_aAnkara _bKöy Enstitüleri ve Çağdaş Eğitim Vakfı _c2011 |
||
| 300 |
_a295 s. _bfotg. _c22 sm |
||
| 440 |
_aKöy Enstitüleri ve Çağdaş Eğitim Vakfı yayınları _pTanıtım dizisi _v24 |
||
| 500 | _aYapıt yazarından imzalıdır. | ||
| 650 |
_aKöy enstitüleri _xSöyleşiler |
||
| 650 |
_aKöy enstitüleri _xAnılar |
||
| 942 |
_2dcc _cBKS |
||
| 999 |
_c3887 _d3887 |
||